Ciencias naturales 1 /

Guardado en:
Autor Principal: Adragna, Elena Beatríz
Otros Autores: Sarazola, Aldana, Gauch, Mónica, Cohen, Marcela, Fiadone, Roberto, Frid, Débora, Gottschalk, Karin.
Formato: Libro
Publicado: Buenos Aires :estación Mandioca, 2010.
Materias:
Etiquetas: Agregar Etiqueta
Sin Etiquetas, Sea el primero en etiquetar este registro!
LEADER 01164nam a22002895a 4500
001 CEM.cems013582
005 20131106152848.0
008 130507s2010##################000#0#####d
003 CEMS
020 |a 9789871651191 
082 0 4 |a Z570 
100 1 |a Adragna, Elena Beatríz 
245 1 0 |a Ciencias naturales 1 /  |c Elena Beatríz Adragna... [et Al.] 
260 |a Buenos Aires :estación Mandioca,  |c 2010. 
300 |a 207 p. 
500 |a Para nivel primaria 7 y educación secundaria 1. 
505 0 |a Los materiales -- Las mezclas -- La energía -- Intercambios de energía -- Los movimientos -- El sistema solar -- La vida, unidad y diversidad -- Las plantas -- Los animales -- Los procariontes, los protistas y los hongos -- El cuerpo humano y la salud -- Las transformaciones de la materia. 
653 |a Ciencias naturales 
653 |a Ciencias naturales-7 egb 
653 |a Ciencias naturales-1 esb 
700 1 |a Sarazola, Aldana 
700 1 |a Gauch, Mónica 
700 1 |a Cohen, Marcela 
700 1 |a Fiadone, Roberto 
700 1 |a Frid, Débora 
700 1 |a Gottschalk, Karin. 
859 |a CEMS  |b BIB. CEMS - 11 de abril  |h Z570  |i Ad81-3  |p 26224.11  |t Ej.1  |v 1  |3 1